000
00328 a2200157 4500
001
170522
020
_a
040
_c
Magnum
100
_a
Bardari, Sérsi
240
1
0
_a
Ameaca nas trilhas do taro
_l
por
245
1
0
_a
Ameaca nas trilhas do taro
362
0
_a
1899
440
1
_a
Ática
697
_a
J/FICCAO
942
_c
BK
999
_c
170522
_d
170522